Central Library OPAC University of Rajshahi

The evolution of Indo-Muslim thought after 1857 / (Record no. 26716)

MARC details
000 -LEADER
fixed length control field 00737nam a2200265 4500
001 - CONTROL NUMBER
control field 26716
003 - CONTROL NUMBER IDENTIFIER
rucl marc code BD-RjUL
005 - DATE AND TIME OF LATEST TRANSACTION
control field 20211209051046.0
008 - FIXED-LENGTH DATA ELEMENTS--GENERAL INFORMATION
fixed length control field 140323s1970 pk b 001 0 eng
035 ## - SYSTEM CONTROL NUMBER
System control number (BD-RjUL)26786
040 ## - CATALOGING SOURCE
Original cataloging agency DLC
Transcribing agency DLC
Modifying agency BD-RjUL
Language of cataloging eng
041 ## - LANGUAGE CODE
Language code of text/sound track or separate title eng
082 00 - DEWEY DECIMAL CLASSIFICATION NUMBER
Classification number 954.7
Author mark and year MAE 1970
100 1# - MAIN ENTRY--PERSONAL NAME
Personal name May, Lini S.
9 (RLIN) 82091
245 14 - TITLE STATEMENT
Title The evolution of Indo-Muslim thought after 1857 /
Statement of responsibility, etc. Lini S. May.
260 ## - PUBLICATION, DISTRIBUTION, ETC. (IMPRINT)
Place of publication, distribution, etc. Lahore :
Name of publisher, distributor, etc. Sh. Muhammad Ashraf,
Date of publication, distribution, etc. 1970.
300 ## - PHYSICAL DESCRIPTION
Pagination vii, 488 p. ;
Size 25 cm.
504 ## - BIBLIOGRAPHY, ETC. NOTE
Bibliography, etc Bibliography: p. 469-475.
Bibliography, etc Includes index.
650 #0 - SUBJECT ADDED ENTRY--TOPICAL TERM
Topical term or geographic name as entry element Islam
Geographic subdivision India.
9 (RLIN) 82092
Topical term or geographic name as entry element Islam
Geographic subdivision Pakistan.
9 (RLIN) 82093
942 ## - ADDED ENTRY ELEMENTS (KOHA)
Source of classification or shelving scheme Dewey Decimal Classification
Koha item type Books
Holdings
Lost status Source of classification or shelving scheme Damaged status Not for loan Collection code Permanent Location Current Location Shelving location Date acquired Source of acquisition Cost, normal purchase price Total Checkouts Full call number Date last seen Copy number Koha item type
  Dewey Decimal Classification     Non-fiction Central Library, University of Rajshahi Central Library, University of Rajshahi   11/12/1971 Ashraf 30.00   954.7 MAE 1970 23/03/2014 C-3 Books
  Dewey Decimal Classification     Non-fiction Central Library, University of Rajshahi Central Library, University of Rajshahi   11/12/1971 Sh. mirza asraf 0.00   954.7 MAE 1970 29/03/2014 C-4 Books
  Dewey Decimal Classification     Non-fiction Central Library, University of Rajshahi Central Library, University of Rajshahi   11/12/1971 Zeitlinger 0.00   954.7 MAE 1970 29/03/2014 C-2 Books
  Dewey Decimal Classification     Non-fiction Central Library, University of Rajshahi Central Library, University of Rajshahi   11/12/1971 N/A 0.00   954.7 MAE 1970 29/03/2014 C-5 Books
  Dewey Decimal Classification   Added to bundle Non-fiction Central Library, University of Rajshahi Central Library, University of Rajshahi Reading Room 11/12/1971 Asia found.. 0.00   954.7 MAE 1970 06/04/2014 C-1 Books